000 00277nam a2200109Ia 4500
008 200302s9999 xx 000 0 und d
100 _aK. V. Sundaram
245 _aDecentralized Multilevel Planning
260 _bConcept Publishing Co. Ltd.
260 _c1997
300 _a514 P.,
999 _c5553
_d5553